| 000 | 00794cam a2200265u 4500 | ||
|---|---|---|---|
| 001 | 6187 | ||
| 003 | BD-RjUL | ||
| 005 | 20211208234212.0 | ||
| 008 | 140109s1953 enk 000 0 eng d | ||
| 035 | _a(BD-RjUL)6226 | ||
| 040 |
_aDLC _cCarP _dDLC _d(BD-RjUL) _beng |
||
| 041 | _aeng | ||
| 082 | 0 | 0 |
_a352.042 _bMAL |
| 100 | 1 |
_aMaud, John _d1906- _919457 |
|
| 245 | 1 | 0 |
_aLocal government in England and Wales / _cMaud, John |
| 250 | _a2d ed. | ||
| 260 |
_aLondon, _aNew York, _bOxford University Press, _c1953. |
||
| 300 |
_a230 p. ; _c17 cm. |
||
| 504 | _aIncludes Index | ||
| 650 | 0 |
_aLocal government _zGreat Britain. _919458 |
|
| 700 | 1 |
_aFiner, Samuel Edward, [from old catalog] _ejoint author. _919459 |
|
| 942 |
_2ddc _cBK |
||
| 999 |
_c6187 _d6187 |
||